Normal view
MARC view
Entry Topical Term
001 - CONTROL NUMBER
- control field: 14801
003 - CONTROL NUMBER IDENTIFIER
- control field: HDC
005 - DATE AND TIME OF LATEST TRANSACTION
- control field: 20230624073436.0
008 - FIXED-LENGTH DATA ELEMENTS
- fixed length control field: 210214|| aca||aabn | a|a d
040 ## - CATALOGING SOURCE
- Original cataloging agency: HDC
- Transcribing agency: HDC
150 ## - HEADING--TOPICAL TERM
- Topical term or geographic name entry element: Tocotrienol Levels
670 ## - SOURCE DATA FOUND
- Source citation: Work cat.: (HDC): Nesaretnam, Kalanithi author 14481, Tocotrienol Levels in Adipose Tissue of Benign and Malignant Breast Lumps in Patients in Malaysia / by, 2007
